Statistics for Add a Letter - J

Click here to take the quiz!

General Stats

  • This quiz has been taken 224 times
  • The average score is 10 of 10

Answer Stats

WordAdd "J"% Correct
AmJam
99%
AbsJabs
98%
AngleJangle
97%
ApeJape
97%
I'veJive
96%
OnesJones
96%
AccuseJ'accuse
95%
EonJeon
95%
OtterJotter
95%
FordFjord
91%

Score Distribution

Percentile by Number Answered

Percent of People with Each Score

Your Score History

You have not taken this quiz